000 00270nam a22001217a 4500
008 181015b xxu||||| |||| 00| 0 eng d
041 _aeng
080 _29th
_a510
100 _a38
101 _aMAT
245 _aCalculus with Applications
_cLial,M.L
942 _2udc
_cBK
999 _c49675
_d49675